000 00738nam a22002531 4500
001 29305
003 BD-RjUL
005 20211209051409.0
008 140403s1963 enk 001 0 eng
035 _a(BD-RjUL)29390
035 _a(OCoLC)475737
040 _aDLC
_cONcM
_dOCoLC
_dUk
_dOCoLC
_dDLC
_dBD-RjUL
_beng
041 _aeng
082 _a149.3
_bWAM 1963
100 1 _aWalker, Kenneth,
_d1882-1966.
_989424
245 1 4 _aThe making of man /
_cKenneth Walker.
260 _aLondon :
_bRoutledge & K. Paul,
_cc1963.
300 _avi,163 p. :
_bill.,ports. ;
_c23cm.
504 _aIncludes index.
600 1 0 _aGurdjieff, Georges Ivanovitch,
_d1872-1949.
_989430
942 _2ddc
_cBK
999 _c29305
_d29305